Who's who in America 1984 1985 /

Đã lưu trong:
Chi tiết về thư mục
Nhiều tác giả của công ty: Marquis Who's Who, edit
Định dạng: Texto
Được phát hành: Chicago: Marquis Who's Who
Phiên bản:43
Các nhãn: Thêm thẻ
Không có thẻ, Là người đầu tiên thẻ bản ghi này!

MARC

LEADER 00000 a a2200000 04500
001 23350
003
040
020 |a 0-8379-0143-x  
090 |a 161400  
110 |a Marquis Who's Who  
245 |a Who's who in America 1984 1985 /  |c Marquis Who's Who  
250 |a 43  
260 |a Chicago:   |b Marquis Who's Who  
300 |a 3831 p.; vol. II  
710 |a edit.  
999 |c 11515  |d 11515